First Lines Of Motley Crue Songs - Statistics

General Stats
  • This quiz has been taken 486 times
  • The average score is 3 of 15
Answer Stats
Hint Answer % Correct
Now listen up, she's razor sharp Looks That Kill
89%
She's got an alligator bag top hat to match Same Ol Situation
56%
Frankie died just the other n ight, some say it was suicide On With The Show
43%
Tonight, there's gonna be a fight so if ya need a place to go got a two room slum magnum 7 gun Saints Of Los Angeles
29%
She's only 15, she's the reason, the reason I can't sleep All In The Name Of
26%
The blade of my knife faced away from your heart All I Need
17%
Hey kid the whole house is shakin, we got the time right in our sights Toast Of The Town
15%
Had wild dreams, walkin the street, hell we were young, never looked back Danger
12%
Black jack, roulette, losing high and low Keep Your Eye On The Money
12%
Little old man contemplates suicide twice a day, lifes passed him by Misunderstood
10%
Runaways in a band all roads lead to Hollywood Down At The Whiskey
8%
Bashful Betty, such a bondage brat dressed in latex covered in sewer rat Hell On High Heels
8%
I said dance, I said prance Sleazing in like a monkey Rock n Roll Junkie
7%
Spent a million dollars on amphetamines, crashed a lot of cars Fake
6%
I, I'm feeling rot....I'm feeling rotten today Flush
5%
No matching quizzes found
Score Distribution
Percent of People with Each Score
Percentile by Number Answered
Your Score History
You have not taken this quiz